| 000 | 00459nam a2200181Ia 4500 | ||
|---|---|---|---|
| 001 | 19403 | ||
| 003 | GE_BSU | ||
| 008 | 181216s||||||||xx |||||||||||||| ||und|| | ||
| 040 | _cGE_BSU | ||
| 245 | _aParis Match, du 24 AU 30 novembre. 2016. №3523 | ||
| 260 | _aNew York | ||
| 260 | _c2016 | ||
| 300 | _a128p.29cm.ill. | ||
| 653 | _adu 24 AU 30 novembre. 2016. №3523 | ||
| 653 | _aParis Match. | ||
| 653 | _aპერიოდიკა | ||
| 942 | _cCR | ||
| 999 |
_c52383 _d52383 |
||